Getting tough on carbon emissions (Record no. 75689)
[ view plain ]
| 000 -LEADER | |
|---|---|
| fixed length control field | 00815cab a2200181 4500 |
| 001 - CONTROL NUMBER | |
| control field | L130544 |
| 008 - FIXED-LENGTH DATA ELEMENTS--GENERAL INFORMATION | |
| fixed length control field | 050811n2005 000 0 eng u |
| 035 ## - SYSTEM CONTROL NUMBER | |
| System control number | (Sirsi) u130544 |
| 041 ## - LANGUAGE CODE | |
| Language code of text/sound track or separate title | eng |
| 100 ## - MAIN ENTRY--PERSONAL NAME | |
| Personal name | Fletcher, Karen |
| 245 ## - TITLE STATEMENT | |
| Title | Getting tough on carbon emissions |
| 260 ## - PUBLICATION, DISTRIBUTION, ETC. | |
| Date of publication, distribution, etc. | 2005 |
| 490 ## - SERIES STATEMENT | |
| Series statement | Constructing the Future |
| Volume/sequential designation | Summer 2005 (25), 8-9(2) |
| 520 ## - SUMMARY, ETC. | |
| Summary, etc. | Discusses the influence of the new Part L of the Building Regulations that comes into effect in January 2006. Summarises the key points of the new Part L, and discusses projects where sustainable buildings have been created. Looks at the use of photovoltaic cells and wind turbines in the production of electricity. |
| 590 ## - LOCAL NOTE (RLIN) | |
| Local note | IKA160805 |
| 690 ## - LOCAL SUBJECT ADDED ENTRY--TOPICAL TERM (OCLC, RLIN) | |
| Topical term or geographic name as entry element | ENVIRONMENTAL AND LAND CONSULTANCY-SUSTAINABILITY-SUSTAINABLE DEVELOPMENT |
| 942 ## - ADDED ENTRY ELEMENTS (KOHA) | |
| Suppress in OPAC | 0 |
| Withdrawn status | Lost status | Source of classification or shelving scheme | Damaged status | Not for loan | Home library | Current library | Shelving location | Date acquired | Total Checkouts | Full call number | Barcode | Date last seen | Copy number | Price effective from | Koha item type |
|---|---|---|---|---|---|---|---|---|---|---|---|---|---|---|---|
| Dewey Decimal Classification | London | London | Journal article | 11/08/2005 | L130544 | 130544-1001 | 06/08/2019 | 1 | 06/08/2019 | Journal article |